Market of credit derivates

Trh s úverovými derivátmi. Úverové deriváty použité na transfer úverového rizika z jedného partnera na iného (predajca a kupec úverového rizika). Dĺžka transferu. Štyri typy úverových derivátov. Úverové deriváty patria k najrýchlejšie rastúcim oblastiam finančných trhov. ISDA - International swaps a...

Descrizione completa

Salvato in:
Dettagli Bibliografici
Autore principale: Malacká, Viera
Natura: Capitolo di libro
Lingua:inglese
Soggetti:
Tags: Aggiungi Tag
Nessun Tag, puoi essere il primo ad aggiungerne!!

MARC

LEADER 00000naa$a2200000$$$4500
001 0056340
005 20240502083138.7
041 0 |a eng 
044 |a PL 
245 1 0 |a Market of credit derivates  |c Viera Malacká 
520 |a Trh s úverovými derivátmi. Úverové deriváty použité na transfer úverového rizika z jedného partnera na iného (predajca a kupec úverového rizika). Dĺžka transferu. Štyri typy úverových derivátov. Úverové deriváty patria k najrýchlejšie rastúcim oblastiam finančných trhov. ISDA - International swaps and derivatives association. Trh úverových derivátov v USA. Situácia v strednej a východnej Európe. CDS - credit default swaps. 
610 2 0 |a trh finančný 
610 2 0 |a deriváty 
610 2 0 |a úver 
610 2 0 |a riziko úverové 
610 2 0 |a predajcovia 
610 2 0 |a kúpa 
610 2 0 |a swap 
610 2 0 |a USA 
610 2 0 |a stredná Európa 
610 2 0 |a východná Európa 
100 1 |a Malacká, Viera